Kraje z największą ilością świń - Statystyki

Ogólne statystyki
  • Ten quiz został rozwiązany 103 razy
  • Średni wynik to 31 z 50
Statystyki odpowiedzi
Ilość Kraj % Poprawnych
11 215 500 Polska
99%
310 554 329 Chiny
96%
78 657 600 Stany Zjednoczone
96%
26 053 400 Niemcy
95%
31 246 040 Hiszpania
93%
23 726 560 Rosja
93%
14 399 339 Kanada
92%
40 556 892 Brazylia
90%
8 510 270 Włochy
90%
13 510 000 Francja
87%
9 055 488 Indie
87%
6 025 300 Ukraina
86%
5 128 954 Argentyna
83%
18 365 289 Meksyk
82%
2 319 033 Australia
80%
9 156 000 Japonia
79%
2 216 480 Portugalia
79%
5 129 936 Wielka Brytania
79%
2 882 300 Białoruś
75%
11 921 000 Holandia
71%
12 728 000 Dania
70%
2 634 000 Węgry
70%
2 566 782 Chile
68%
8 922 654 Indonezja
67%
2 773 230 Austria
65%
6 085 100 Belgia
64%
4 080 738 Kolumbia
64%
11 279 894 Korea Południowa
64%
2 902 919 Wenezuela
64%
19 615 526 Wietnam
64%
3 834 100 Rumunia
62%
2 903 007 Serbia
60%
12 709 248 Filipiny
55%
7 869 597 Tajlandia
55%
3 103 898 Boliwia
48%
8 001 217 Nigeria
46%
3 795 560 Laos
45%
2 102 427 Kambodża
44%
1 952 385 Malezja
43%
21 603 718 Mjanma
43%
2 451 000 Korea Północna
42%
2 369 459 Kuba
30%
2 171 169 Papua-Nowa Gwinea
30%
5 514 211 Tajwan
26%
2 976 244 Gwatemala
24%
3 784 999 Angola
19%
1 960 026 Kamerun
17%
2 746 453 Uganda
14%
7 283 584 Malawi
8%
2 587 862 Burkina Faso
2%
Nie znaleziono quizów pasujących do podanych kryteriów
Rozkład punktacji
Procent ludzi z każdym wynikiem
Percentyl według liczby udzielonych odpowiedzi
Twoja historia wyników
Nie rozwiązałeś tego quizu